<?xml version="1.0" encoding="UTF-8"?>
<record
    xmlns:xsi="http://www.w3.org/2001/XMLSchema-instance"
    xsi:schemaLocation="http://www.loc.gov/MARC21/slim http://www.loc.gov/standards/marcxml/schema/MARC21slim.xsd"
    xmlns="http://www.loc.gov/MARC21/slim">

  <leader>00899nam a22002657a 4500</leader>
  <controlfield tag="003">DO-SdBNP</controlfield>
  <controlfield tag="005">20250116122607.0</controlfield>
  <controlfield tag="007">ta</controlfield>
  <controlfield tag="008">110301s2022    dr ac         000 f spa d</controlfield>
  <datafield tag="020" ind1=" " ind2=" ">
    <subfield code="a">9789945250145</subfield>
  </datafield>
  <datafield tag="040" ind1=" " ind2=" ">
    <subfield code="a">DO-SdBNP</subfield>
    <subfield code="b">spa</subfield>
    <subfield code="c">BNPHU</subfield>
  </datafield>
  <datafield tag="082" ind1=" " ind2=" ">
    <subfield code="a">xxxx</subfield>
    <subfield code="b">G216H</subfield>
  </datafield>
  <datafield tag="100" ind1="1" ind2=" ">
    <subfield code="a">Garc&#xED;a Michel, Eduardo</subfield>
    <subfield code="9">53018</subfield>
  </datafield>
  <datafield tag="245" ind1="1" ind2="0">
    <subfield code="a">Horacio y Mon :</subfield>
    <subfield code="b">avatares y gloria /</subfield>
    <subfield code="c">Eduardo Garc&#xED;a Michel ; pr&#xF3;logo Bruno Rosario Candelier</subfield>
  </datafield>
  <datafield tag="260" ind1=" " ind2=" ">
    <subfield code="a">Santo Domingo :</subfield>
    <subfield code="b">Archivo General de la Naci&#xF3;n, </subfield>
    <subfield code="c">2022.</subfield>
  </datafield>
  <datafield tag="300" ind1=" " ind2=" ">
    <subfield code="a">407 p. :</subfield>
    <subfield code="b">il., retr.</subfield>
    <subfield code="c">23 cm.</subfield>
  </datafield>
  <datafield tag="490" ind1="1" ind2=" ">
    <subfield code="a">Archivo General de la Naci&#xF3;n ;</subfield>
    <subfield code="v">438</subfield>
  </datafield>
  <datafield tag="500" ind1=" " ind2=" ">
    <subfield code="a">Incluye datos biogr&#xE1;ficos del autor.  </subfield>
  </datafield>
  <datafield tag="500" ind1=" " ind2=" ">
    <subfield code="a">Novela hist&#xF3;rica. </subfield>
  </datafield>
  <datafield tag="590" ind1=" " ind2=" ">
    <subfield code="a">Inventariado, 2022/ YL</subfield>
  </datafield>
  <datafield tag="700" ind1="1" ind2=" ">
    <subfield code="a">Rosario Candelier, Bruno,</subfield>
    <subfield code="d">1941-</subfield>
    <subfield code="e">prol.</subfield>
    <subfield code="9">851</subfield>
  </datafield>
  <datafield tag="830" ind1="0" ind2=" ">
    <subfield code="n">Archivo General de la Naci&#xF3;n</subfield>
    <subfield code="p">438</subfield>
    <subfield code="9">81429</subfield>
  </datafield>
  <datafield tag="910" ind1=" " ind2=" ">
    <subfield code="a">YLockward</subfield>
  </datafield>
  <datafield tag="942" ind1=" " ind2=" ">
    <subfield code="2">ddc</subfield>
    <subfield code="c">LBS1</subfield>
  </datafield>
  <datafield tag="952" ind1=" " ind2=" ">
    <subfield code="0">0</subfield>
    <subfield code="1">0</subfield>
    <subfield code="2">ddc</subfield>
    <subfield code="5">3</subfield>
    <subfield code="7">0</subfield>
    <subfield code="8">PD</subfield>
    <subfield code="a">BNPHU</subfield>
    <subfield code="b">BNPHU</subfield>
    <subfield code="c">CT</subfield>
    <subfield code="d">2022-03-30</subfield>
    <subfield code="e">Archivo General de la Naci&#xF3;n</subfield>
    <subfield code="l">0</subfield>
    <subfield code="o">xxxx G216H</subfield>
    <subfield code="p">2022-1924</subfield>
    <subfield code="r">2022-05-10</subfield>
    <subfield code="w">2022-05-10</subfield>
    <subfield code="y">LBS1</subfield>
  </datafield>
  <datafield tag="952" ind1=" " ind2=" ">
    <subfield code="0">0</subfield>
    <subfield code="1">0</subfield>
    <subfield code="2">ddc</subfield>
    <subfield code="5">3</subfield>
    <subfield code="7">0</subfield>
    <subfield code="8">PD</subfield>
    <subfield code="a">BNPHU</subfield>
    <subfield code="b">BNPHU</subfield>
    <subfield code="c">CT</subfield>
    <subfield code="d">2022-03-30</subfield>
    <subfield code="e">Archivo General de la Naci&#xF3;n</subfield>
    <subfield code="l">0</subfield>
    <subfield code="o">xxxx G216H</subfield>
    <subfield code="p">2022-1925</subfield>
    <subfield code="r">2022-05-10</subfield>
    <subfield code="t">e. 2</subfield>
    <subfield code="w">2022-05-10</subfield>
    <subfield code="y">LBS1</subfield>
  </datafield>
  <datafield tag="952" ind1=" " ind2=" ">
    <subfield code="0">0</subfield>
    <subfield code="1">0</subfield>
    <subfield code="2">ddc</subfield>
    <subfield code="5">6</subfield>
    <subfield code="7">0</subfield>
    <subfield code="8">PD</subfield>
    <subfield code="a">BNPHU</subfield>
    <subfield code="b">BNPHU</subfield>
    <subfield code="c">CT</subfield>
    <subfield code="d">2022-03-30</subfield>
    <subfield code="e">Archivo General de la Naci&#xF3;n</subfield>
    <subfield code="l">0</subfield>
    <subfield code="o">xxxx G216H</subfield>
    <subfield code="p">2022-1926</subfield>
    <subfield code="r">2022-05-10</subfield>
    <subfield code="t">e. 3</subfield>
    <subfield code="w">2022-05-10</subfield>
    <subfield code="y">LBS1</subfield>
  </datafield>
  <datafield tag="999" ind1=" " ind2=" ">
    <subfield code="c">51681</subfield>
    <subfield code="d">51681</subfield>
  </datafield>
</record>
